Ces maisons de campagne étaient des fermes
Na minha lista:
| Autor principal: | |
|---|---|
| Formato: | Livro |
| Idioma: | Undetermined |
| Publicado em: |
Paris
Charles Massin
|
| Assuntos: | |
| Tags: |
Adicionar Tag
Sem tags, seja o primeiro a adicionar uma tag!
|
| Thư viện lưu trữ: | Trung tâm Học liệu Trường Đại học Cần Thơ |
|---|
| LEADER | 00462nam a2200169Ia 4500 | ||
|---|---|---|---|
| 001 | CTU_9537 | ||
| 008 | 210402s9999 xx 000 0 und d | ||
| 082 | |a 721 | ||
| 082 | |b M696 | ||
| 100 | |a G M Moguilewsky | ||
| 245 | 0 | |a Ces maisons de campagne étaient des fermes | |
| 245 | 0 | |c G M Moguilewsky | |
| 260 | |a Paris | ||
| 260 | |b Charles Massin | ||
| 650 | |a farm buildings | ||
| 904 | |i Minh, 960928 | ||
| 980 | |a Trung tâm Học liệu Trường Đại học Cần Thơ | ||